000 01230pam a2200325 a 4500
999 _c129383
_d129383
001 4733130
003 ARRUPE
005 20190403105718.0
008 840904s1985 maua b 001 0 eng
010 _a 84018572
020 _a0897890426 :
_c$24.95
020 _a0897890434 (pbk.) :
_c$9.95
040 _aDLC
_cDLC
_dDLC
041 1 _aengpor
043 _ad------
050 0 0 _aLC149
_b.F76 1985
082 0 0 _a370
_219
100 1 _aFreire, Paulo,
_d1921-1997.
_926953
245 1 4 _aThe politics of education :
_bculture, power, and liberation /
_cPaulo Freire ; introduction by Henry A. Giroux ; translated by Donaldo Macedo.
260 _aLondon. :
_bBergin & Garvey,
_c1985.
300 _axxvii, 209 p. :
_bill. ;
_c24 cm.
504 _aIncludes bibliographies and index.
650 0 _aLiteracy.
_918022
650 0 _aEducation
_xPolitical aspects.
_933981
650 0 _aEducation
_xSocial aspects.
_945780
650 0 _aEducation
_zDeveloping countries.
_945781
856 4 2 _3Contributor biographical information
_uhttp://www.loc.gov/catdir/enhancements/fy1510/84018572-b.html
906 _a7
_bcbc
_corignew
_d1
_eocip
_f19
_gy-gencatlg
942 _2lcc
_cMONOGRAPH